Statystyki dla Chivas(Krystian Gierakowski)wszystkie piosenki

Kliknij tutaj aby rozwiązać quiz!

Ogólne statystyki

  • Ten quiz został rozwiązany 699 razy
    (112 od ostatniego zresetowania)
  • Średni wynik to 43 z 62

Statystyki odpowiedzi

WykonawcaPiosenkaPłytaProducentdata wydania(yt)wyświetlenia(yt)wyświetlenia(spoti)% Poprawnych
ChivasOPIUM!DEATHCOREChivas29 lis
2023
1 mln4.1 mln
91%
ChivasDeath noteDEATHCOREbloomgums & Chivas17 sty
2024
626 k2.5 mln
86%
ChivasNarcyzMłodySay10Chivas21 mar 20229.7 mln29 mln
86%
ChivasRysunKOwY PoTwórDEATHCOREChivas25 sty
2024
86 k370 k
86%
Chivas feat.BedoesNIENAWIDZĘ WARSZAWY!DEATHCOREfiftyzeros3 sty
2024
621 k3 mln
85%
ChivasnoWy baTmANDEATHCOREfiftyzeros31 paź
2023
1.3 mln5.8 mln
85%
Chivasjem zimnego tostaDEATHCOREChivas25 sty
2024
52 k337 k
84%
Chivas feat.White2115Mam na twarzy krew i tym razem nie jest sztucznaNauczyłem się przeklinaćChivas30 gru 202029 mln42 mln
84%
ChivasAnyżowe żelkiMłodySay10Chivas7 lip 20228.1 mln28 mln
82%
ChivasKoleżanko mojej byłejMłodySay10Chivas23 wrz
2022
3 mln19 mln
82%
ChivasStaRlinkDEATHCOREGilssey25 sty
2024
32 k237 k
82%
Chivaszabiłem motylaDEATHCORESOGIMURA25 sty
2024
76 k259 k
82%
ChivasMłody say10Nauczyłem się przeklinaćChivas18 maj 20213.8 mln14 mln
81%
Chivas feat.White2115Nóż motylkowyDEATHCOREChivas4 lip
2023
2.5 mln8.5 mln
80%
ChivasOdkąd nauczyłem się(przeklinać)--------------Chivas31 paź 20195,3 mln5.9 mln
80%
ChivasOdkąd nauczyłem sie przeklinaćNauczyłem się przeklinaćChivas23 maj
2021
324 k7.5 mln
80%
ChivasDoritos--------------Chivas25 maj 2019729 k990 k
78%
ChivasDrzewkoMłodySay10Chivas24 wrz
2022
358 k4.5 mln
78%
Chivas feat.White2115,SzpakuHellcat redeyeNauczyłem się przeklinaćChivas24 maj
2021
4.7 mln16 mln
78%
ChivasTo dopiero początekNauczyłem się przeklinaćChivas22 maj
2021
289 k3.5 mln
78%
ChivasTo nie koniecNauczyłem się przeklinaćChivas22 maj 2021529 k4 mln
77%
ChivasJakbym miał w ręku klamkęNauczyłem się przeklinaćChivas14 kwi 20217.9 mln26 mln
76%
ChivasKupić jej gaz czy torebkę?MłodySay10Chivas15 wrz
2022
5 mln20 mln
76%
Chivas feat.SzpakuNajlepsi pod słońcemNauczyłem się przeklinaćChivas12 sie 202013 mln14 mln
76%
ChivasXONauczyłem się przeklinaćChivas23 maj
2021
1.6 mln19 mln
76%
ChivasJesteś najlepszy/najlepszaMłodySay10Chivas26 wrz
2022
213 k3 mln
74%
ChivasNarcyz w klubieMłodySay10Chivas4 paź
2022
452 k4.2 mln
74%
ChivasTo ostatni raz gdy jadę nad bałtykMłodySay10Chivas11 sie
2022
1.7 mln9.7 mln
74%
SBM feat.GUGUCzarna perłaHotel Maffija 3Kubi Producent8 cze
2023
7.8 mln10 mln
73%
ChivasGeneracja Hip HopNauczyłem się przeklinaćChivas3 lut 20211.1 mln5.9 mln
73%
ChivasPrevka na płytę może(młody say10)MłodySay10Chivas22 wrz
2022
402 k3.3 mln
73%
ChivasMiałem kolegę bartkaMłodySay10Chivas25 wrz
2022
364 k5.6 mln
72%
ChivasPalenie zabijaNauczyłem się przeklinaćChivas5 lis 20203.9 mln15 mln
72%
ChivasPrzyjdzie taki dzień gdy będę wolnyDEATHCOREChivas25 sty
2024
21 k150 k
72%
ChivasSeptum--------------Chivas16 gru
2018
544 k918 k
72%
ChivasWWW--------------Chivas6 wrz 20192 mln2.5 mln
72%
Chivas,GverillaInterpolPopkiller Młode Wilki 8YoshiMitsu80820 mar 2021731 k4 mln
70%
ChivasChargerNauczyłem się przeklinaćChivas21 maj 2021772 k5.6 mln
69%
ChivasZabij dla mnieNauczyłem się przeklinaćChivas21 maj 2021526 k3.5 mln
69%
ChivasVROOM--------------Chivas21 kwi 2020960 k1.8 mln
68%
ChivasComme des garconsNauczyłem się przeklinaćChivas21 maj 20211.4 mln10 mln
66%
Chivas(młode wilki)Nie wiem co robię w młodych wilkachPopkiller Młode Wilki 8PSR X Chivas19 kwi 2021500 k1.1 mln
66%
ChivasGabbana--------------Chivas1 maj 2019595 k879 k
65%
ChivasMam chyba za drogie autoMłodySay10Chivas
27 wrz
2022
272 k3.9 mln
65%
ChivasSSSSMUTNO--------------Chivas9 gru 20193.3 mln2.4 mln
65%
ChivasTrash--------------Chivas27 wrz 20191.9 mln1.7 mln
65%
ChivasWszystko będzie dobrze--------------Santo27 lut 20203.5 mln4.3 mln
65%
ChivasMAXFACTOR--------------Fade Dollars7 lut 2020827 k1.5 mln
64%
ChivasDeath metalowy t-shirtNauczyłem się przeklinaćChivas22 maj 2021313 k3.3 mln
62%
Szpaku feat.ChivasPotwórRóżowa PanteraAzann13 sty 20218.4 mln6.2 mln
62%
Bedoes 2115,White 2115,Kuqe2115,Szpaku,ChivasGUGU x 2115Rodzinny BiznesAXL Beats16 gru
2022
2.8 mln5.1 mln
61%
ChivasEl Chapo--------------Chivas/Vince
2 gru
2018
314 k807 k
59%
Szpaku feat.ChivasNa zawszeUzumaki forma ostatecznaKubi Producent27 lip
2023
2.9 mln3.6 mln
59%
ChivasAstropanna--------------Chivas11 lip 2019152 k934 k
57%
White2115 feat.Chivas,Mr PolskaDavidRockstar:Do zachodu słońcaChivas29 sie 20201.5 mln4.8 mln
57%
ChivasDemoMłodySay10
(deluxe)
Chivas------------------------------------
55%
Blacha feat.ChivasHigh LifeTrapical MoonChivas13 maj 20185.4 mln1.1 mln
50%
Deemz feat.Beteo,ChivasWszyscy śpiąSauceDeemz24 wrzesień 2021108 k1.1 mln
42%
Kizo feat.ChivasSkandalPosejdonMichał Lotterhoff------------------------1.5 mln
39%
Popkiller Młode Wilki 8Gdy zapada zmrokPopkiller Młode Wilki 8Chris Carson29 mar 2021871 k694 k
35%
Popkiller Młode Wilki 8Daj mi czasPopkiller Młode Wilki 8SoDrumatic / Chivas26 mar 2021308 k303 k
31%
Chivas#Hot16Challenge2--------------Chivas7 maj 2020561 k------------
23%

Rozkład punktacji

Percentyl według liczby udzielonych odpowiedzi

Procent ludzi z każdym wynikiem

Twoja historia wyników

Nie rozwiązałeś tego quizu od ostatniego zresetowania